Majmū'a-yi āthār-i Ḥusām al-Dīn-i Khūʾī /
In every age and culture, royal courts have always attracted a multitude of scholars, artists and other folk seeking patronage and protection. In the Islamic world, one of these courts was that of the emirs of the Saljuqs of Rūm in Kastamonu in northern Anatolia. In the year 680/1282, Quṭb al-Dīn Sh...
المؤلف الرئيسي:
مؤلفون آخرون:
التنسيق: كتاب الكتروني
اللغة:
English
Arabic
منشور في:
Leiden; Boston :
BRILL,
[2019]
سلاسل:
Miras Maktoob, ISBN: 9789004365452.
الموضوعات:
الوصول للمادة أونلاين: Login to view Source
الوسوم: إضافة وسم
رقم الطلب: PK6490
| LEADER | 03068nam a22005291i 4500 | ||
|---|---|---|---|
| 001 | BRILL9789004402256 | ||
| 003 | nllekb | ||
| 005 | 20211118222323.0 | ||
| 006 | m d | ||
| 007 | cr un uuuua | ||
| 008 | 200305t20192000ne sb 001 0 eng d | ||
| 020 | |a 9789004402256 |q (electronic book) | ||
| 020 | |a 9789646781481 |q (print) | ||
| 024 | 7 | |a 10.1163/9789004402256 |2 DOI | |
| 035 | |a (OCoLC)891425042 | ||
| 040 | |a NL-LeKB |c NL-LeKB |e rda | ||
| 041 | 0 | |a ara |b eng | |
| 050 | 4 | |a PK6490 | |
| 072 | 7 | |a HBJF1 |2 bicssc | |
| 072 | 7 | |a HIS |x 003000 |2 bisacsh | |
| 072 | 7 | |a HIS |x 026000 |2 bisacsh | |
| 082 | 0 | 4 | |a 891.55 |2 23 |
| 100 | 1 | |6 880-01 |a Khūʾī, Ḥusām al-Dīn, |e author. | |
| 880 | 1 | |6 100-01/(3/r |a خویی ، حسن بن عبدالممن, |e author. | |
| 245 | 1 | 0 | |6 880-02 |a Majmū'a-yi āthār-i Ḥusām al-Dīn-i Khūʾī / |c by Ḥusām al-Dīn Khūʾī ; (Edited by) Ṣoghrā ʿAbbāszāda. |
| 880 | 1 | 0 | |6 245-02/(3/r |a مجموعه آثار حسام الدین خویی / |c by حسن بن عبدالمؤمن خويي ; (Edited by) صغری عباس زاده. |
| 264 | 1 | |a Leiden; |a Boston : |b BRILL, |c [2019] | |
| 264 | 4 | |c ©2000 | |
| 300 | |a 1 online resource. | ||
| 336 | |a text |b txt |2 rdacontent | ||
| 337 | |a computer |b c |2 rdamedia | ||
| 338 | |a online resource |2 rdacarrier | ||
| 490 | 1 | |a Miras Maktoob, ISBN: 9789004365452 | |
| 520 | |a In every age and culture, royal courts have always attracted a multitude of scholars, artists and other folk seeking patronage and protection. In the Islamic world, one of these courts was that of the emirs of the Saljuqs of Rūm in Kastamonu in northern Anatolia. In the year 680/1282, Quṭb al-Dīn Shīrāzī (d. 709-1309), a student of Naṣīr al-Dīn Ṭūsī (d. 672/1274) who lived in Anatolia for years, dedicated his Ikhtiyārāt to the emir of Kastamonu, Muẓaffar al-Dīn Yavlaq Arslan (d. 691/1292). This same Muẓaffar also had a secretary in his service by the name of Ḥusām al-Dīn Khūʾī (alive in 709/1309-10), a refugee from Khūy near Tabriz in Iran. Ḥusām al-Dīn is the author of a number of works, six of which are published here for the very first time: four manuals on the art of the secretary, one Arabic-Persian glossary for use at the chancellery, and finally a collection of his poetry. | ||
| 546 | |a Arabic. | ||
| 588 | |a Description based on print version record. | ||
| 650 | 0 | |a Littérature persane |y 747-1500. | |
| 650 | 0 | |a Poésie persane |y 747-1500. | |
| 650 | 0 | |a Persian literature |y 747-1500 |y Early works to 1800. | |
| 700 | 1 | |6 880-03 |a ʿAbbāszāda, Ṣoghrā, |e editor. | |
| 880 | 1 | |6 700-03/(3/r |a عباس زاده ، صغری, |e editor. | |
| 776 | 0 | 8 | |i Print version: |t Majmū'a-yi āthār-i Ḥusām al-Dīn-i Khūʾī. |d Leiden ; Boston : BRILL, 2019 |z 9789646781481 |z (OCoLC)47048539 |
| 830 | 0 | |a Miras Maktoob, ISBN: 9789004365452. | |
| 856 | 4 | |z DOI: |u http://dx.doi.org/10.1163/9789004402256 | |
| 942 | |2 lcc |c EBOOK | ||
| 952 | |0 0 |1 0 |2 lcc |4 0 |7 1 |9 23033 |a BRILL |b BRILL |d 2021-11-18 |l 0 |r 2021-11-18 00:00:00 |w 2021-11-18 |y EBOOK | ||
| 999 | |c 40507 |d 40507 | ||
